| 000 | 01312cam a22003737a 4500 | ||
|---|---|---|---|
| 003 | CHAP | ||
| 005 | 20220329142232.0 | ||
| 008 | 000314d1993 mx r 00010 spa d | ||
| 010 | _a80311 | ||
| 011 | _a81283 | ||
| 020 | _a9683610048 | ||
| 035 | _a91750 | ||
| 040 | _cCHAP | ||
| 082 | 0 | 4 |
_a580.972 _bU55 v.10 |
| 100 | 0 | 0 |
_aDávila Aranda, Patricia D. _933095 |
| 245 | 1 | 0 |
_aListado florístico de México : _bflora del Valle de Tehuacán-Cuicatlán _c/por Patricia Dávila Aranda [y otros] |
| 260 |
_aMéxico, D. F. : _bUniversidad Nacional Autónoma de México, _c1993. |
||
| 300 | _a195 p. | ||
| 590 |
_aBATCH-UPD _b10 _c20130110 _lUCH01 _h0045 |
||
| 590 |
_aBATCH-UPD _b10 _c20130110 _lUCH01 _h0613 |
||
| 590 |
_aBATCH-UPD _b10 _c20130409 _lUCH01 _h2031 |
||
| 590 |
_aBATCH-UPD _b10 _c20130410 _lUCH01 _h0353 |
||
| 590 |
_aBATCH-UPD _b10 _c20130914 _lUCH01 _h0737 |
||
| 590 |
_aCONVERSION _b10 _c20130109 _lUCH01 _h1345 |
||
| 650 | 1 | 4 |
_aBotánica _xPuebla. _914608 |
| 650 | 1 | 4 |
_aBotánica _zMéxico. _914641 |
| 700 | 0 |
_aMedina Lemos, Rosalinda. _973984 |
|
| 700 | 0 |
_aRamírez Roa, Angélica. _994223 |
|
| 700 | 0 |
_aVillaseñor Ríos, José Luis. _9119700 |
|
| 901 | _aBK | ||
| 905 | _aLilia Sánchez G. | ||
| 942 | _cLIBRO | ||
| 949 |
_a580.972 U55 v.10 _bBC _cC _d33724000756425 _eC _gI. c/e _h97297 _i91750 _sb _t$90.00 |
||
| 999 |
_c80311 _d80311 |
||